Reinforced cement concrete designs (Record no. 187275)

000 -LEADER
fixed length control field 00415nam a2200133Ia 4500
008 - FIXED-LENGTH DATA ELEMENTS--GENERAL INFORMATION
fixed length control field 220217s9999||||xx |||||||||||||| ||und||
020 ## - INTERNATIONAL STANDARD BOOK NUMBER
International Standard Book Number 9788131809426
082 ## - DEWEY DECIMAL CLASSIFICATION NUMBER
Classification number 624.25 PUN
100 ## - MAIN ENTRY--PERSONAL NAME
Personal name Punmia, B.C., Jain, Ashok, K and Jain, Arun, K
245 #0 - TITLE STATEMENT
Title Reinforced cement concrete designs
260 ## - PUBLICATION, DISTRIBUTION, ETC.
Place of publication, distribution, etc. Laxmi Publishing House
Name of publisher, distributor, etc. Bangalore
Date of publication, distribution, etc. 2016
300 ## - PHYSICAL DESCRIPTION
Extent XXIII, 1246p.
Other physical details 925
650 ## - SUBJECT ADDED ENTRY--TOPICAL TERM
Topical term or geographic name entry element CONCRETE TECHNOLOGY
Holdings
Withdrawn status Lost status Damaged status Not for loan Collection code Home library Current library Shelving location Date acquired Full call number Barcode Date last seen Price effective from Koha item type
        Civil Engineering Central Library Central Library Book Cart 02/18/2022 624.25 PUN 22464 02/18/2022 02/18/2022 Books

Powered by Koha